El Midrash: la sabiduría del Judaísmo
Sábháilte in:
| Príomhchruthaitheoir: | |
|---|---|
| Formáid: | LEABHAR |
| Teanga: | Spáinnis |
| Foilsithe / Cruthaithe: |
Buenos Aires
Kier S. A
1996
|
| Eagrán: | 3a. ed |
| Ábhair: | |
| Clibeanna: |
Cuir clib leis
Níl clibeanna ann, Bí ar an gcéad duine le clib a chur leis an taifead seo!
|
MARC
| LEADER | 00000cam a2200000 a 4500 | ||
|---|---|---|---|
| 001 | UCE1477 | ||
| 003 | CL-VaPUC | ||
| 008 | 140414e19960000ag |||||||||||||||||spa|d | ||
| 020 | |a 9504330819 | ||
| 082 | 0 | 4 | |a 296.14 |b BAR |2 21 |
| 100 | 0 | |a Barylko, Jaime |e author |9 573811 | |
| 245 | 1 | 3 | |a El Midrash: la sabiduría del Judaísmo |
| 250 | |a 3a. ed | ||
| 300 | |a 318 p | ||
| 942 | |c BK | ||
| 945 | |d 20140414 |a dcastane | ||
| 260 | |a Buenos Aires |b Kier S. A |c 1996 | ||
| 650 | 0 | |a Judaísmo |9 269348 | |
| 650 | 0 | |a Judíos |9 313771 | |
| 650 | 7 | |a RELIGION JUDIA |2 CL-VaPUC |9 434400 | |
| 583 | |a last modification |c 20140424 12:38:25 |k Rodrigo Vera | ||
| 999 | |c 355256 |d 355254 | ||
| 952 | |0 0 |1 0 |3 erb |4 0 |6 296_140000000000000_BAR_1996 |7 0 |8 DER_HDC |9 461838 |a BIBDER |b BIBDER |i 5067790 |o 296.14 BAR 1996 |p 5067790 |r 2023-01-25 |w 2019-11-23 |x Ubicación 4to Piso |y BK |z Estos recursos deben solicitarse con anticipación |k DER | ||